Catalog

Record Details

Catalog Search



Šumava Železnorudsko : turistická mapa 1:50 000 Cover Image Map Map

Šumava [kartografický dokument] : Železnorudsko : turistická mapa 1:50 000

Record details

  • ISBN: 80-85999-75-7
  • Physical Description: 1 mapa : barev. ; 88 x 57 cm, složeno v plastovém obalu na 20 x 13 cm
  • Edition: 3. vyd.
  • Publisher: Praha : Trasa, 2002

Content descriptions

General Note:
Na rubu doprovodný text s fot., reklamy, kilometráž turistických značených tras
Zpracováno metodami digitální kartografie
Obsahuje rejstřík
Aktualizovaný dotisk 3. vyd. z roku 2001
Subject: Šumava (pohoří : oblast)
Železná Ruda (Česko : oblast)
Genre: turistické mapy

Available copies

  • 1 of 1 copy available at Common Catalog SPOK.

Holds

  • 0 current holds with 1 total copy.
Show Only Available Copies
Location Call Number / Copy Notes Barcode Shelving Location Status Due Date
Jabok Library VO-5.2 424480020902 Odborná literatura Available -

LDR 01436nem a2200409 a 4500
00113008
003CZ-PrJAB
00520220228104105.0
007a c
008020425s2002 xr a 1 cze
015 . ‡acnb001091931
020 . ‡a80-85999-75-7
0341 . ‡aa ‡b50000
035 . ‡a(CZ PrNK)cpc20021091931
040 . ‡aABA001 ‡bcze
0410 . ‡acze ‡geng ‡gger ‡gpol
043 . ‡ae-xr--- ‡be-xr-cc ‡2czenas
045 . ‡ay0y0
072 7. ‡a913(437) ‡xGeografie Česka a Slovenska, reálie, cestování ‡2Konspekt ‡97
080 . ‡a796.51 ‡2MRF
080 . ‡a91(437.317) ‡2MRF
080 . ‡a912.43:796.5 ‡2MRF
24500. ‡aŠumava ‡h[kartografický dokument] : ‡bŽeleznorudsko : turistická mapa 1:50 000
250 . ‡a3. vyd.
255 . ‡aMěřítko 1:50 000
260 . ‡aPraha : ‡bTrasa, ‡c2002
300 . ‡a1 mapa : ‡bbarev. ; ‡c88 x 57 cm, složeno v plastovém obalu na 20 x 13 cm
4901 . ‡aEdice Klubu českých turistů ; ‡vč. 64
500 . ‡aNa rubu doprovodný text s fot., reklamy, kilometráž turistických značených tras
500 . ‡aZpracováno metodami digitální kartografie
500 . ‡aObsahuje rejstřík
500 . ‡aAktualizovaný dotisk 3. vyd. z roku 2001
651 7. ‡aŠumava (pohoří : oblast) ‡7ge128618 ‡2czenas
651 7. ‡aŽelezná Ruda (Česko : oblast) ‡7ge131597 ‡2czenas
655 7. ‡aturistické mapy ‡7fd133737 ‡2czenas
830 0. ‡aEdice Klubu českých turistů
910 . ‡aABG312
901 . ‡a13008 ‡bUnknown ‡c13008 ‡tbiblio

Additional Resources